[Event "Galicia-ch"]
[Site "Padron"]
[Date "2021.04.01"]
[Round "1"]
[White "Gestido Martinez, Jose Carlos"]
[Black "Gomez Dieguez, David"]
[Result "0-1"]
[WhiteElo "1591"]
[BlackElo "2298"]
[PlyCount "34"]
[EventDate "2021.04.01"]
[EventType "swiss"]
[EventRounds "8"]
[EventCountry "ESP"]
[SourceTitle "CBM 201 Extra"]
[Source "ChessBase"]
[SourceDate "2021.05.31"]
[SourceVersion "1"]
[SourceVersionDate "2021.05.31"]
[SourceQuality "1"]

1. b3 g6 2. Bb2 Nf6 3. Bxf6 exf6 4. c4 d5 5. cxd5 Qxd5 6. Nc3 Qa5 7. g3 Ba3 8. Qc2 0-0 9. Bg2 c5 10. Ne4 Kg7 11. Nd6 Na6 12. Nc4 Nb4 13. Qc3 Qa6 14. Nxa3 Qxa3 15. Nf3 Nxa2 16. Qc2 Nb4 17. Qd1 Qxa1 0-1